No waste: managing sustainability in construction (Record no. 114639)

MARC details
000 -LEADER
fixed length control field 00837cam a22002295a 4500
001 - CONTROL NUMBER
control field L155818
008 - FIXED-LENGTH DATA ELEMENTS--GENERAL INFORMATION
fixed length control field 081001s2011 xxkade f u 000 0 eng d
020 ## - INTERNATIONAL STANDARD BOOK NUMBER
International Standard Book Number 9781409436461
035 ## - SYSTEM CONTROL NUMBER
System control number (Sirsi) u157164
041 0# - LANGUAGE CODE
Language code of text/sound track or separate title eng
100 1# - MAIN ENTRY--PERSONAL NAME
Personal name Ma, Uly
245 00 - TITLE STATEMENT
Title No waste: managing sustainability in construction
Medium [electronic resource]
260 ## - PUBLICATION, DISTRIBUTION, ETC.
Name of publisher, distributor, etc. Gower
Date of publication, distribution, etc. 2011
300 ## - PHYSICAL DESCRIPTION
Extent eBook
520 ## - SUMMARY, ETC.
Summary, etc. Practical guide to managing sustainability in construction that draws on input from all the related stakeholders: the construction industry itself, the clients, designers and architects and the trades.
521 ## - TARGET AUDIENCE NOTE
Target audience note Advanced
650 24 - SUBJECT ADDED ENTRY--TOPICAL TERM
Topical term or geographic name entry element EBOOK
651 #4 - SUBJECT ADDED ENTRY--GEOGRAPHIC NAME
Geographic name United Kingdom
Chronological subdivision
690 ## - LOCAL SUBJECT ADDED ENTRY--TOPICAL TERM (OCLC, RLIN)
Topical term or geographic name as entry element Sustainability
9 (RLIN) 6271
856 48 - ELECTRONIC LOCATION AND ACCESS
Uniform Resource Identifier <a href="https://www.vlebooks.com/">https://www.vlebooks.com/</a>
Public note View on VLEbooks. Logins for members only from [email protected]
942 ## - ADDED ENTRY ELEMENTS (KOHA)
Suppress in OPAC 0
Holdings
Withdrawn status Lost status Source of classification or shelving scheme Damaged status Not for loan Home library Current library Shelving location Date acquired Total Checkouts Full call number Barcode Date last seen Copy number Price effective from Koha item type
    Dewey Decimal Classification     Virtual Virtual Online 12/09/2012   EBOOK 157164-2001 06/08/2019 1 06/08/2019 Book